[Event "BCF-chT3 0203 (4NCL)"]
[Site "West Bromwich"]
[Date "2003.01.19"]
[Round "4.2"]
[White "Clark, Ian C"]
[Black "Lutton, Josiah Ezra"]
[Result "1-0"]
[WhiteElo "2119"]
[BlackElo "2107"]
[PlyCount "85"]
[EventDate "2002.11.??"]
[EventType "team"]
[EventRounds "11"]
[EventCountry "ENG"]
[SourceTitle "EXT 2004"]
[Source "ChessBase"]
[SourceDate "2003.11.25"]
[SourceVersion "1"]
[SourceVersionDate "2003.11.25"]
[SourceQuality "1"]
[WhiteTeam "Wessex II"]
[BlackTeam "South County Stars"]
[WhiteTeamCountry "ENG"]
[BlackTeamCountry "ENG"]

1. e4 Nc6 2. d4 d5 3. e5 Bf5 4. Nf3 e6 5. c3 f6 6. Qa4 Qd7 7. Bb5 a6 8. Nbd2 0-0-0 9. Bxc6 Qxc6 10. Qxc6 bxc6 11. b4 Nh6 12. Nb3 Nf7 13. Be3 Kd7 14. h3 Ra8 15. Ke2 Be7 16. Rhc1 Rhb8 17. a3 Be4 18. Nfd2 Bxg2 19. Rg1 Bxh3 20. Rxg7 Ke8 21. exf6 Bxf6 22. Rxh7 Bf5 23. Rhh1 Nd6 24. Bf4 Nb5 25. Rac1 Kf7 26. a4 Nd6 27. Nc5 a5 28. Nd7 Rb7 29. Rcg1 axb4 30. Nxf6 Kxf6 31. Be5+ Ke7 32. Rg7+ Nf7 33. cxb4 Rxb4 34. a5 Rxa5 35. Rh8 Ra3 36. f3 Rb2 37. Bf4 Kf6 38. Rhg8 e5 39. dxe5+ Nxe5 40. Bg5+ Ke6 41. Re8+ Kd6 42. Be7+ Kd7 43. Bxa3+ 1-0

[Event "Monarch Assurance 11th"]
[Site "Port Erin"]
[Date "2002.10.06"]
[Round "9"]
[White "Vuilleumier, Alexandre"]
[Black "Lutton, Josiah Ezra"]
[Result "1/2-1/2"]
[WhiteElo "2169"]
[BlackElo "2113"]
[PlyCount "95"]
[EventDate "2002.09.28"]
[EventType "swiss"]
[EventRounds "9"]
[EventCountry "IOM"]
[SourceTitle "CBM 090 Extra"]
[Source "ChessBase"]
[SourceDate "2002.11.07"]
[SourceVersion "1"]
[SourceVersionDate "2002.11.07"]
[SourceQuality "1"]

1. e4 Nc6 2. Nc3 Nf6 3. d4 d5 4. e5 Nd7 5. Nce2 Nb6 6. c3 Bf5 7. Ng3 Bg6 8. Nf3 e6 9. Bg5 Be7 10. Bxe7 Qxe7 11. Nd2 0-0 12. Be2 f6 13. f4 fxe5 14. fxe5 Qg5 15. Nf3 Qe3 16. Nf1 Qf4 17. Qd2 Qxd2+ 18. N1xd2 h6 19. 0-0 Na4 20. Nh4 Bh7 21. Bg4 Nd8 22. Nb3 g5 23. Nf3 Bg6 24. Nfd2 h5 25. Be2 Nxb2 26. Nc5 g4 27. h3 gxh3 28. gxh3 Be8 29. Rxf8+ Kxf8 30. Rb1 Na4 31. Nxa4 Bxa4 32. Bxh5 Be8 33. Bg4 Rc8 34. Rf1+ Ke7 35. Nb3 b6 36. Kf2 c5 37. Ke3 cxd4+ 38. cxd4 Rc3+ 39. Kd2 Rg3 40. Kc2 Nf7 41. Kb2 Ng5 42. Rc1 Kd7 43. Rc3 Rg2+ 44. Rc2 Rg3 45. Rc3 Rg2+ 46. Ka3 Ne4 47. Rf3 Ke7 48. Rd3 1/2-1/2

[Event "Monarch Assurance 11th"]
[Site "Port Erin"]
[Date "2002.10.03"]
[Round "6"]
[White "Lutton, Josiah Ezra"]
[Black "Orr, Mark JL"]
[Result "1/2-1/2"]
[WhiteElo "2113"]
[BlackElo "2332"]
[PlyCount "51"]
[EventDate "2002.09.28"]
[EventType "swiss"]
[EventRounds "9"]
[EventCountry "IOM"]
[SourceTitle "CBM 090 Extra"]
[Source "ChessBase"]
[SourceDate "2002.11.07"]
[SourceVersion "1"]
[SourceVersionDate "2002.11.07"]
[SourceQuality "1"]

1. Nc3 d5 2. e4 e6 3. d4 Nf6 4. Bg5 dxe4 5. Nxe4 Nbd7 6. Nf3 Be7 7. Nxf6+ Bxf6 8. Bxf6 Nxf6 9. Bd3 0-0 10. c3 b6 11. Qe2 Bb7 12. 0-0-0 Qc8 13. g4 c5 14. g5 Nh5 15. Bc2 g6 16. Rhg1 Bxf3 17. Qxf3 Qc7 18. Rg4 cxd4 19. Rgxd4 Rad8 20. h4 a5 21. Qe3 Rxd4 22. Rxd4 Rd8 23. Rxd8+ Qxd8 24. Bd1 Ng7 25. Bg4 Ne8 26. Qd2 1/2-1/2

[Event "Monarch Assurance 11th"]
[Site "Port Erin"]
[Date "2002.10.01"]
[Round "4"]
[White "Goodger, Martyn"]
[Black "Lutton, Josiah Ezra"]
[Result "0-1"]
[WhiteElo "2133"]
[BlackElo "2113"]
[PlyCount "62"]
[EventDate "2002.09.28"]
[EventType "swiss"]
[EventRounds "9"]
[EventCountry "IOM"]
[SourceTitle "CBM 090 Extra"]
[Source "ChessBase"]
[SourceDate "2002.11.07"]
[SourceVersion "1"]
[SourceVersionDate "2002.11.07"]
[SourceQuality "1"]

1. e4 Nc6 2. Nf3 f5 3. exf5 d5 4. d4 Bxf5 5. Bb5 Nf6 6. Ne5 Qd6 7. Nc3 g6 8. g4 Bd7 9. Bxc6 Bxc6 10. Bf4 Qe6 11. Qe2 Bg7 12. 0-0-0 0-0 13. Bg3 Ne4 14. Qe3 Bxe5 15. Nxe4 Bxg3 16. Nxg3 Qxg4 17. Qxe7 Rxf2 18. Rhf1 Qf4+ 19. Kb1 Re8 20. Qb4 Qf3 21. Rde1 Rf8 22. Rxf2 Qxf2 23. a3 Qxh2 24. Qc3 Qg2 25. Re3 Qg1+ 26. Ka2 Rf2 27. Nh5 Qg5 28. Ng3 Rxc2 29. Qe1 Bb5 30. Rf3 Qg4 31. Qf1 Bxf1 0-1

[Event "BCF-chT3 0102 (4NCL)"]
[Site "Birmingham"]
[Date "2002.05.06"]
[Round "11.1"]
[White "Rudd, Jack"]
[Black "Lutton, Josiah Ezra"]
[Result "0-1"]
[WhiteElo "2135"]
[BlackElo "2093"]
[PlyCount "118"]
[EventDate "2001.09.??"]
[EventType "team"]
[EventRounds "11"]
[EventCountry "ENG"]
[SourceTitle "EXT 2003"]
[Source "ChessBase"]
[SourceDate "2002.11.25"]
[SourceVersion "1"]
[SourceVersionDate "2002.11.25"]
[SourceQuality "1"]
[WhiteTeam "Bristol II"]
[BlackTeam "South County Stars"]
[WhiteTeamCountry "ENG"]
[BlackTeamCountry "ENG"]

1. e4 e6 2. d4 d5 3. Nc3 Bb4 4. e5 c5 5. a3 Bxc3+ 6. bxc3 Qa5 7. Bd2 Qa4 8. Qg4 Kf8 9. Ra2 Nc6 10. Nf3 Nge7 11. Bd3 c4 12. Be2 Ng6 13. h4 Qb5 14. 0-0 h5 15. Qg3 Qa5 16. Rb1 Qc7 17. a4 Nce7 18. Qg5 Nf5 19. Bc1 Ke8 20. Ba3 Qd8 21. Rab2 Nfxh4 22. Qxd8+ Kxd8 23. Ng5 Ke8 24. Rxb7 Bxb7 25. Rxb7 Nf5 26. Nxf7 Nf4 27. Bf3 Rh7 28. g3 Nh3+ 29. Kg2 h4 30. g4 Nf4+ 31. Kh2 g5 32. Nd6+ Nxd6 33. Rxh7 Nf7 34. Rg7 Rc8 35. a5 a6 36. Bb4 Rd8 37. Kg1 Rc8 38. Kf1 Rd8 39. Ke1 Rc8 40. Kd2 Rd8 41. Ke3 Rc8 42. Bh1 Rd8 43. Bc5 Rc8 44. Rg8+ Kd7 45. Rxc8 Kxc8 46. Be7 Ng6 47. Bf6 Kd7 48. f4 Nxf4 49. Bxg5 Nxg5 50. Kxf4 Nh3+ 51. Ke3 Ng5 52. Bg2 h3 53. Bf1 Ke7 54. Kf2 Ne4+ 55. Ke3 h2 56. Bg2 Kf7 57. Kf4 Kg6 58. Bh1 Nxc3 59. Bf3 Ne2+ 0-1